00652nam a2200217Ia 4500003000900000008004100009040001300050040001300063041000800076100002000084245004000104250001000144260000900154300001000163300001200173490000600185600002100191942000700212999001700219952019800236IT-RoPAU120407s9999 xx 000 0 und d aIT-RoPAU cIT-RoPAU afra aCharles Péguy aPascal. Avant-propos par Jules Riby aParis c1947 a88 p. c23,5 cm v1 a1. Pascal Blaise cBK c37106d37106 00102ddc406920_00000000000000071aPAULUSbPAULUSd2012-04-11l0o920.0r2012-04-11 00:00:00w2012-04-11yBKzInserito da: Mario In data: 19 settembre 2011 fondo: Via A.Severo 56 Progr:28518